00409nam a2200157Ia 4500008004100000020001500041041001200056082001800068100002300086245004700109250001200156260003300168300001300201500002700214650001000241231217s9999 xx 000 0 und d a8178812517 aEnglish a332 VEN;1 R aVenkatesh, T R ed. 0aIndian financial markets : an introduction a1st ed. c2004bICFAI PressaHyderabad axii, 201 aContent page available aICFAI